{"text_format":"3","workbook":"xlsx","n_sheets":2,"sheets":["IT备品备件","有合同的"],"not_rendered":{"images":2,"defined_names":1,"comments":1},"read":"whole","date_system":"1900"}

{"sheet":"IT备品备件","index":0,"n_rows":285,"n_cols":11,"rows_kept":285,"merged":[[0,0,0,10],[1,0,1,10]]}
["附件六"]
["2021年临江公司三固项目设备耗材补充采购（一）报价明细表"]
["序号","名称","品牌","型号","单位","预估数量","限价（元）","限额（元）","单价（元）","金额（元）","备注"]
[1,"电焊眼镜","3M","10435 黑色偏光护目镜 聚碳酸酯镜片","个",10,30,{"$f":"F4*G4","v":300}]
[2,"气动扳手","世达","01113C 1/2\"气动敲击扳手","把",1,800,800]
[3,"电动黄油枪（锂电池）","芝浦","48v  ","把",1,550,550]
[4,"皮带扳手","世达",97462,"把",2,100,200]
[5,"世达螺丝刀套装","世达","一字十字13件组套 09913","套",10,260,2600]
[6,"世达工具包","世达","16（寸)380×260×260  95182","套",10,150,1500]
[7,"世达冲击起子","世达","J系列18V锂电池无碳刷  51085","把",2,3000,6000]
[8,"世达手枪钻","世达","J系列18V锂电池无刷/起子机 51011","把",2,2000,4000]
[9,"S2+双十字强磁性十字批头","绿森","长65mm(10支/盒)","盒",5,30,150]
[10,"S2+双十字强磁性十字批头","绿森","小双头双十字长65mm(10支/盒)","盒",5,25,125]
[11,"强磁性十字批头","绿森","110mm长(10支/盒)","盒",5,30,150]
[12,"六角钻尾自攻螺丝套筒","绿森","6×65mm","支",10,20,200]
[13,"六角钻尾自攻螺丝套筒","绿森","8×65mm","支",10,25,250]
[14,"六角钻尾自攻螺丝套筒","绿森","10×65mm","支",10,25,250]
[15,"内六角批头","绿森","8件50mm内六角","套",2,30,60]
[16,"内六角批头","绿森","7件75mm内六角","套",2,30,60]
[17,"内六角批头","绿森","6件100mm内六角","套",2,35,70]
[18,"内六角批头","绿森","5件150mm内六角","套",2,50,100]
[19,"工业用吹尘器","科麦斯","220V 无级变速 峰值出风量12m³","台",1,200,200]
[20,"吸尘器","美的","T3-L151E1 Pro 19Kpa强劲吸力","台",1,500,500]
[21,"斜口钳","世达","70203A 7英寸","件",10,100,1000]
[22,"普通型测电笔","世达",62501,"个",10,10,100]
[23,"PPR管道抢修头弯头抱箍补漏器","/","DN20（补修长度68mmPE材质承压16公斤）","个",10,15,{"$f":"F26*G26","v":150}]
[24,"PPR管道抢修头弯头抱箍补漏器","/","DN25（补修长度79mmPE材质承压16公斤）","个",10,20,200]
[25,"PPR管道抢修头弯头抱箍补漏器","/","DN32（补修长度95mmPE材质承压16公斤）","个",10,25,250]
[26,"PPR管道抢修头弯头抱箍补漏器","/","DN40（补修长度136mmPE材质承压16公斤）","个",10,25,250]
[27,"PPR管道抢修头弯头抱箍补漏器","/","DN50（补修长度145mmPE材质承压16公斤）","个",10,30,300]
[28,"PPR管道抢修头弯头抱箍补漏器","/","DN63（补修长度155mmPE材质承压16公斤）","个",10,35,350]
[29,"PPR管道抢修头弯头抱箍补漏器","/","DN75（补修长度160mmPE材质承压16公斤）","个",10,40,400]
[30,"PPR管道抢修头弯头抱箍补漏器","/","DN90（补修长度250mmPE材质承压16公斤）","个",5,55,275]
[31,"PPR管道抢修头弯头抱箍补漏器","/","DN110（补修长度265mmPE材质承压16公斤）","个",5,65,325]
[32,"PPR管道抢修头弯头抱箍补漏器","/","DN125（补修长度265mmPE材质承压16公斤）","个",5,120,600]
[33,"管道快速接头水管卡子补漏器","/","不锈钢 DN15*110","个",10,15,150]
[34,"管道快速接头水管卡子补漏器","/","不锈钢 DN20*110","个",10,20,200]
[35,"管道快速接头水管卡子补漏器","/","不锈钢 DN25*110","个",10,20,200]
[36,"管道快速接头水管卡子补漏器","/","不锈钢 DN32*125","个",10,30,300]
[37,"管道快速接头水管卡子补漏器","/","不锈钢 DN40*125","个",10,30,300]
[38,"管道快速接头水管卡子补漏器","/","不锈钢 DN50*125","个",10,35,350]
[39,"管道快速接头水管卡子补漏器","/","不锈钢 DN65*185","个",5,65,325]
[40,"管道快速接头水管卡子补漏器","/","不锈钢 DN80*185","个",5,80,400]
[41,"管道快速接头水管卡子补漏器","/","不锈钢 DN100*185","个",5,100,500]
[42,"斜垫铁","/","铁 100*50*10-2mm","个",20,5,100]
[43,"斜垫铁","/","铁 150*50*10-2mm","个",20,10,200]
[44,"斜垫铁","/","铁 100*80*10-2mm","个",20,10,200]
[45,"斜垫铁","/","铁 120*60*10-2mm","个",20,10,200]
[46,"橡胶法兰密封垫","/"," DN15","片",50,1,50]
[47,"橡胶法兰密封垫","/"," DN20","片",50,1,50]
[48,"橡胶法兰密封垫","/"," DN25","片",50,1,50]
[49,"橡胶法兰密封垫","/"," DN32","片",50,1.5,75]
[50,"橡胶法兰密封垫","/"," DN40","片",50,1.5,75]
[51,"橡胶法兰密封垫","/"," DN50","片",50,2,100]
[52,"橡胶法兰密封垫","/"," DN65","片",50,2,100]
[53,"橡胶法兰密封垫","/"," DN80","片",20,2.5,50]
[54,"橡胶法兰密封垫","/"," DN100","片",20,3,60]
[55,"橡胶法兰密封垫","/"," DN125","片",20,3.5,70]
[56,"不锈钢平焊焊接法兰","/","DN15*10KG","片",10,35,350]
[57,"不锈钢平焊焊接法兰","/","DN20*10KG","片",10,40,400]
[58,"不锈钢平焊焊接法兰","/","DN25*10KG","片",10,45,450]
[59,"不锈钢平焊焊接法兰","/","DN32*10KG","片",10,70,700]
[60,"不锈钢平焊焊接法兰","/","DN40*10KG","片",10,80,{"$f":"F63*G63","v":800}]
[61,"不锈钢平焊焊接法兰","/","DN50*10KG","片",10,100,1000]
[62,"不锈钢平焊焊接法兰","/","DN65*10KG","片",10,130,1300]
[63,"不锈钢平焊焊接法兰","/","DN80*10KG","片",10,150,1500]
[64,"不锈钢平焊焊接法兰","/","DN100*10KG","片",4,200,800]
[65,"不锈钢平焊焊接法兰","/","DN125*10KG","片",4,240,960]
[66,"聚四氟乙烯垫片","/","DN15 厚度3MM","片",20,2.5,50]
[67,"聚四氟乙烯垫片","/","DN20 厚度3MM","片",20,3.5,70]
[68,"聚四氟乙烯垫片","/","DN25 厚度3MM","片",20,4,80]
[69,"聚四氟乙烯垫片","/","DN32 厚度3MM","片",20,6,120]
[70,"聚四氟乙烯垫片","/","DN40厚度3MM ","片",10,10,100]
[71,"聚四氟乙烯垫片","/","DN50 厚度3MM","片",10,15,150]
[72,"聚四氟乙烯垫片","/","DN65 厚度3MM","片",10,15,150]
[73,"石墨金属缠绕垫片","/","DN15","片",100,3,{"$f":"F76*G76","v":300}]
[74,"石墨金属缠绕垫片","/","DN20","片",100,3,300]
[75,"石墨金属缠绕垫片","/","DN25","片",100,4,400]
[76,"石墨金属缠绕垫片","/","DN32","片",100,5,500]
[77,"石墨金属缠绕垫片","/","DN40","片",100,6,600]
[78,"石墨金属缠绕垫片","/","DN50","片",50,8,400]
[79,"石墨金属缠绕垫片","/","DN65","片",50,8,400]
[80,"石墨金属缠绕垫片","/","DN80","片",30,10,300]
[81,"石墨金属缠绕垫片","/","DN100","片",30,15,450]
[82,"石墨金属缠绕垫片","/","DN125","片",30,15,450]
[83,"橡胶板","/","1.5米*1米*3mm","张",4,120,480]
[84,"螺丝零件盒（塑料）","/","Q4 400*250*160mm","个",100,22,2200]
[85,"86型5孔插座","西门子","10A 86型 致典系列雅白 正五孔插座","个",10,20,200]
[86,"86型3孔插座","西门子","致典系列雅白 16A三孔插座","个",10,25,250]
[87,"86型明装底盒","西门子","86型","个",10,15,150]
[88,"86型面板开关","西门子","品宜系列带荧光雅白色86型墙壁开关一开双控","个",10,20,200]
[89,"86型面板开关","西门子","品宜系列带荧光雅白色86型墙壁开关二开双控","个",10,25,250]
[90,"86型面板开关","西门子","品宜系列带荧光雅白色86型墙壁开关三开双控","个",10,30,300]
[91,"86型面板开关","西门子","品宜系列带荧光雅白色86型墙壁开关四开双控","个",10,45,450]
[92,"2脚插头","公牛","10A 220V","个",10,8,80]
[93,"3脚插头","公牛","10A 220V","个",10,10,100]
[94,"3脚插头","公牛","16A 220V","个",10,15,150]
[95,"3芯航空工业插头","公牛","3芯 16A 220V","个",10,8,80]
[96,"4芯航空工业插头","公牛","4芯 32A 380V","个",10,22,220]
[97,"5芯航空工业插头","公牛","5芯 32A 380V","个",10,30,300]
[98,"3芯航空明装插座","公牛","3芯16A明装插座","个",10,18,180]
[99,"4芯航空明装插座","公牛","380V 4芯32A航空明装插座","个",10,25,250]
[100,"5芯航空明装插座","公牛","380V 5芯32A航空明装插座","个",10,30,300]
[101,"3芯航空暗装插座","公牛","3芯16A暗装插座","个",10,18,180]
[102,"4芯航空暗装插座","公牛","380V 4芯32A航空暗装插座","个",10,25,250]
[103,"5芯航空暗装插座","公牛","380V 5芯32A航空暗装插座","个",10,30,300]
[104,"3芯航空活动插座","公牛","3芯 16A 220V","个",10,18,180]
[105,"4芯航空活动插座","公牛","4芯 32A 380V","个",10,28,280]
[106,"5芯航空活动插座","公牛","5芯 32A 380V","个",10,32,320]
[107,"筒灯","欧普","220V/5W/直径10.4CM","个",10,38,380]
[108,"平板灯","欧普","220V/50W/18×23CM","个",10,35,350]
[109,"LED日光灯管","欧普","1.2米/16.5W-T8（双端供电）","支",10,15,150]
[110,"金属不锈钢开孔器钻头","汉斯","16mm","个",2,10,20]
[111,"金属不锈钢开孔器钻头","汉斯","20mm","个",2,12,24]
[112,"金属不锈钢开孔器钻头","汉斯","25mm","个",2,15,30]
[113,"金属不锈钢开孔器钻头","汉斯","32mm","个",2,18,36]
[114,"金属不锈钢开孔器钻头","汉斯","40mm","个",2,25,50]
[115,"金属不锈钢开孔器钻头","汉斯","50mm","个",2,30,60]
[116,"低压绝缘防水自粘带","必胜鸟","0.1mm*18mm*25米","卷",100,5,500]
[117,"不锈钢卡套直通终端接头（公制螺纹）","/","管道外径6mm","个",5,5,25]
[118,"不锈钢卡套直通终端接头（公制螺纹）","/","管道外径8mm","个",5,5,25]
[119,"不锈钢卡套直通终端接头（公制螺纹）","/","管道外径10mm","个",5,5,25]
[120,"不锈钢卡套直通终端接头（公制螺纹）","/","管道外径12mm","个",5,6,30]
[121,"铜管带卡套式快速接头（公制螺纹）","/","管道外径6mm","个",5,5,25]
[122,"铜管带卡套式快速接头（公制螺纹）","/","管道外径8mm","个",5,5,25]
[123,"铜管带卡套式快速接头（公制螺纹）","/","管道外径10mm","个",5,5,25]
[124,"铜管带卡套式快速接头（公制螺纹）","/","管道外径12mm","个",5,5,25]
[125,"双丝外丝直接对接接头304不锈钢（加厚）","/","DN15  4分  1/2\"","个",5,10,50]
[126,"双丝外丝直接对接接头304不锈钢（加厚）","/","DN25  1寸  1\"","个",5,15,75]
[127,"双丝外丝直接对接接头304不锈钢（加厚）","/","DN32  1.2寸  11/4\"","个",5,20,100]
[128,"双丝外丝直接对接接头304不锈钢（加厚）","/","DN50  2寸  2\"","个",5,30,150]
[129,"304不锈钢（加厚）单丝头管道接头","/","DN15  4分  1/2\"","个",6,5,30]
[130,"304不锈钢（加厚）单丝头管道接头","/","DN25  1寸  1\"","个",5,10,50]
[131,"304不锈钢（加厚）单丝头管道接头","/","DN32  1.2寸  11/4\"","个",5,15,75]
[132,"304不锈钢（加厚）单丝头管道接头","/","DN50  2寸  2\"","个",5,15,75]
[133,"304不锈钢活接（加厚）双外丝活结直接",null,"DN15  4分  1/2\"","个",5,20,100]
[134,"304不锈钢活接（加厚）双外丝活结直接",null,"DN25  1寸  1\"","个",5,35,175]
[135,"304不锈钢活接（加厚）双外丝活结直接",null,"DN32  1.2寸  11/4\"","个",5,50,250]
[136,"304不锈钢活接（加厚）双外丝活结直接",null,"DN20  6分   3/4\"","个",5,25,125]
[137,"304不锈钢活接（加厚）双内丝活结直接",null,"DN15  4分  1/2\"","个",5,20,{"$f":"F140*G140","v":100}]
[138,"304不锈钢活接（加厚）双内丝活结直接",null,"DN25  1寸  1\"","个",5,35,175]
[139,"304不锈钢活接（加厚）双内丝活结直接",null,"DN32  1.2寸  11/4\"","个",5,50,250]
[140,"304不锈钢活接（加厚）双内丝活结直接",null,"DN20  6分   3/4\"","个",5,25,125]
[141,"镀镍黄油嘴","/","M6X1   45°","颗",10,1.5,15]
[142,"镀镍黄油嘴","/","M8X1   45°","颗",10,2,20]
[143,"镀镍黄油嘴","/","M10X1  45°","颗",10,3,30]
[144,"镀镍黄油嘴","/","M6X1   中直","颗",10,1.5,15]
[145,"镀镍黄油嘴","/","M8X1   中直","颗",10,2,20]
[146,"镀镍黄油嘴","/","M10X1  中直","颗",10,3,30]
[147,"镀镍黄油嘴","/","M6X1   90°","颗",10,1.5,15]
[148,"镀镍黄油嘴","/","M8X1   90°","颗",10,2,20]
[149,"镀镍黄油嘴","/","M10X1  90°","颗",10,3,30]
[150,"镀镍黄油嘴","/","M6X1.5   45°","颗",10,2,20]
[151,"镀镍黄油嘴","/","M8X1.5   45°","颗",10,2,20]
[152,"镀镍黄油嘴","/","M10X1.5  45°","颗",10,3,30]
[153,"镀镍黄油嘴","/","M6X1.5   中直","颗",10,1.5,15]
[154,"镀镍黄油嘴","/","M8X1.5   中直","颗",10,2,20]
[155,"镀镍黄油嘴","/","M10X1.5  中直","颗",10,3,30]
[156,"镀镍黄油嘴","/","M6X1.5   90°","颗",10,1.5,15]
[157,"镀镍黄油嘴","/","M8X1.5   90°","颗",10,2,20]
[158,"镀镍黄油嘴","/","M10X1.5  90°","颗",10,3,30]
[159,"铝制抽芯铆钉","/","2.4x20mm   （1000枚/盒）","盒",1,50,50]
[160,"铝制抽芯铆钉","/","3.2x25mm   （1000枚/盒）","盒",1,50,50]
[161,"铝制抽芯铆钉","/","4.0x25mm   （1000枚/盒）","盒",1,50,50]
[162,"铝制抽芯铆钉","/","2.4x16mm   （1000枚/盒）","盒",1,50,50]
[163,"铝制抽芯铆钉","/","3.2x16mm   （1000枚/盒）","盒",1,50,50]
[164,"铝制抽芯铆钉","/","4.0x16mm   （1000枚/盒）","盒",1,50,50]
[165,"绝缘热缩管","/"," HST050BS","米",100,0.8,{"$f":"F168*G168","v":80}]
[166,"绝缘热缩管","/"," HST060BS","米",100,0.9,90]
[167,"绝缘热缩管","/"," HST080BS","米",100,1,100]
[168,"绝缘热缩管","/"," HST160BS","米",100,2,200]
[169,"绝缘热缩管","/"," HST250BS","米",50,4.6,230]
[170,"绝缘热缩管","/"," HST300BS","米",50,5.2,260]
[171,"BHC系列防爆穿线盒","/","样式：直通 材质：铝合金\nIP65:EX dll CT4:内螺纹规格：G3/4\"","个",3,20,60]
[172,"BHC系列防爆穿线盒","/","样式：角平 材质：铝合金\nIP65:EX dll CT4:内螺纹规格：G3/4\"","个",3,20,60]
[173,"BHC系列防爆穿线盒","/","样式：四通平 材质：铝合金\nIP65:EX dll CT4:内螺纹规格：G3/4\"","个",3,20,60]
[174,"BHC系列防爆穿线盒","/","样式：三通平 材质：铝合金\nIP65:EX dll CT4:内螺纹规格：G3/4\"","个",3,20,60]
[175,"BHC系列防爆穿线盒","/","样式：二通平 材质：铝合金\nIP65:EX dll CT4:内螺纹规格：G3/4\"","个",2,15,30]
[176,"SW型防爆照明开关","/","SW-10 单联单控开关10A\n220VAC  进线螺纹：G3/4\"","个",2,50,100]
[177,"气源快插接头","/","PC8-03","个",50,3,150,null,null,"公用"]
[178,"气源快插接头","/","PC10-03","个",50,3,150,null,null,"公用"]
[179,"气源快插接头","/","PC12-03","个",50,4,200,null,null,"公用"]
[180,"气源快插接头","/","PC16-03","个",30,5,150,null,null,"公用"]
[181,"气源快插接头","/","PC16-04","个",30,5,150,null,null,"公用"]
[182,"气源变径接头","/","PG16-12","个",30,5,150,null,null,"公用"]
[183,"气源变径接头","/","PG12-10","个",50,2,100,null,null,"公用"]
[184,"气源变径接头","/","PG10-8","个",50,1,50,null,null,"公用"]
[185,"盲塞","/","M20  材质316","个",20,5,100,null,null,"公用"]
[186,"接头","/","1/2接头-M20*1.5-Φ14接头（配EJA用）材质：316  垫片：四氟垫片","个",20,20,400,null,null,"公用"]
[187,"接头","/","1/4接头-M20*1.5-Φ14接头（配EJA用）材质：316  垫片：四氟垫片","个",20,20,400,null,null,"公用"]
[188,"三阀组","/","一体化不锈钢三阀组（配EJA用）材料（包括螺丝）：316不锈钢  工作压力：32MPa","个",5,350,1750,null,null,"公用"]
[189,"不锈钢球阀","上海良工","DN25    316L","个",10,450,4500]
[190,"不锈钢管","/","DN25    316L   壁厚：3.5mm","根",10,560,5600,null,null,"一根4米"]
[191,"滤篮","上海良工","型号：SBL-16P 通经：25mm 材质316L","套",4,1500,6000]
[192,"焊接弯头 ","/","DN25    316L","个",10,20,200]
[193,"微型断路器","施耐德","IDPNN VIGI+ 1P+N  C10","个",25,120,3000]
[194,"温湿度计","得力","挂壁式 大号 9010","个",9,50,450,null,null,"配电室"]
[195,"工业级气泵吸盘","恒捷利","真空吸提器（承重200公斤）","台",6,150,900,null,null,"配电室"]
[196,"普通直读水表","埃美柯","LXLY-100E  DN100 不锈钢304 法兰式 ","只",1,2800,2800,null,null,"除盐水"]
[197,"TA系列热继电器","ABB","TA42DU-42M","个",10,150,1500]
[198,"TA系列热继电器","ABB","TA25DU-4.0M","个",10,150,1500]
[199,"过滤减压阀","/","QFLJC-L15TS","个",4,300,1200,null,null,"公用"]
[200,"电磁阀","德力西","型号：2W160-15 线圈：24VDC","块",5,130,650,null,null,"焚烧"]
[201,"电磁阀","SMC","型号：VXZ240GGAXB 线圈：24VDC","块",3,600,1800,null,null,"焚烧"]
[202,"电磁阀","ASCO","型号：NFB210D002 线圈：24VDC","块",2,1000,2000,null,null,"焚烧"]
[203,"电磁阀","ASCO","型号：SCE238D002 线圈：24VDC","块",3,600,1800,null,null,"焚烧"]
[204,"电磁阀","ASCO","型号：SCG553A017MS 线圈：24VDC","块",1,4000,4000,null,null,"焚烧"]
[205,"电磁阀","亚德客","型号：4V210-08  线圈：AC220V","块",5,100,500,null,null,"公用"]
[206,"电磁阀","亚德客","型号：4V210-08  线圈：DC24V","块",5,100,500,null,null,"公用"]
[207,"电磁阀防爆线圈","凯威纳","型号：0960   线圈：24VDC","块",10,180,1800,null,null,"公用"]
[208,"反射板型光电开关","倍加福","ML100-55/103/115\n反射型号：REF-H50","套",1,150,150,null,null,"焚烧"]
[209,"机械限位开关","施耐德","XCKN2108P20C","套",2,150,300,null,null,"焚烧"]
[210,"称重传感器","山东金钟科技","型号：L-BS-1 量程：1T 编号：4470  ","件",2,200,400,null,null,"焚烧"]
[211,"温度传感器","/","K型  M10*1.5螺纹 \n插深：300mm","支",1,300,300,null,null,"焚烧"]
[212,"阻燃PVC管","联塑/中财/伟星","(A管)白色 DN20 4米/根","根",60,20,1200]
[213,"PVC直接头","联塑/中财/伟星","白色 DN20","个",30,2,60]
[214,"86型5孔插座","正泰/施耐德/ABB/西门子","86型 10A 正五孔插座","件",10,20,200]
[215,"86型明装底盒","正泰/施耐德/ABB/西门子","86型","个",10,20,200]
[216,"PVC弹簧弯管器 ","/","100cm弯管器适用4分管","根",1,50,50]
[217,"PVC线管管夹","联塑(LESSO)","DN20 100个/包","包",10,25,250]
[218,"红色单芯电线","杭州中策/远东/万马","BVR  2.5平方","卷",3,220,660]
[219,"蓝色单芯电线","杭州中策/远东/万马","BVR  2.5平方","卷",3,220,660]
[220,"双色单芯电线","杭州中策/远东/万马","BVR  2.5平方","卷",3,220,660]
[221,"塑料彭胀管","/","6*30MM","袋",10,30,300,null,null,"500个/袋"]
[222,"外膨胀螺栓","国标","M8*60","袋",10,40,400,null,null,"30个/袋"]
[223," 外膨胀螺栓","国标","M8*70","袋",10,45,450,null,null,"30个/袋"]
[224,"外膨胀螺栓","国标","M8*80","袋",10,50,500,null,null,"30个/袋"]
[225,"内膨胀螺栓","国标","M8*60","袋",5,70,350,null,null,"100个/袋"]
[226,"内膨胀螺栓","国标","M8*70","袋",5,70,350,null,null,"90个/袋"]
[227,"内膨胀螺栓","国标","M8*80","袋",5,70,350,null,null,"80个/袋"]
[228,"平头自攻螺丝","GB国标","碳钢 M3.5*16","KG",2,25,50,null,null,"约1030个/KG"]
[229,"平头自攻螺丝","GB国标","碳钢 M3.5*20","KG",5,30,{"$f":"F232*G232","v":150},null,null,"约930个/KG"]
[230,"平头自攻螺丝","GB国标","碳钢 M3.5*25","KG",5,30,150,null,null,"约734个/KG"]
[231,"平头自攻螺丝","GB国标","碳钢 M3.5*30","KG",5,30,150,null,null,"约670个/KG"]
[232,"平头自攻螺丝","GB国标","碳钢 M3.5*35","KG",5,30,150,null,null,"约553个/KG"]
[233,"平头自攻螺丝","GB国标","碳钢 M3.5*40","KG",5,30,150,null,null,"约480个/KG"]
[234,"平头自攻螺丝","GB国标","碳钢 M3.5*50","KG",2,30,60,null,null,"约420个/KG"]
[235,"航空明装插座","正泰/施耐德/ABB/西门子","3芯16A明装插座","个",10,30,300]
[236,"航空明装插座","正泰/施耐德/ABB/西门子","4芯16A明装插座","个",10,35,350]
[237,"航空明装插座","正泰/施耐德/ABB/西门子","4芯32A明装插座","个",10,45,450]
[238,"航空明装插座","正泰/施耐德/ABB/西门子","5芯32A明装插座","个",10,50,500]
[239,"热镀锌管","/","DN20","根",10,220,{"$f":"F242*G242","v":2200}]
[240," AH系列防爆接线盒","SEISO ","DN20 G1/2 国标厚度 F型一吊","个",10,40,400]
[241," AH系列防爆接线盒","SEISO ","DN20 G1/2 国标厚度 G型二吊","个",10,40,400]
[242," AH系列防爆接线盒","SEISO ","DN20 G1/2 国标厚度 H型三吊","个",10,40,400]
[243," AH系列防爆接线盒","SEISO ","DN20 G1/2 国标厚度 E型角平","个",12,40,480]
[244," BHC系列防爆穿线盒","SEISO ","DN20 右弯通E型 国标","个",10,10,100]
[245," BHC系列防爆穿线盒","SEISO ","DN20 左弯通D型 国标","个",12,10,120]
[246," 防爆旋钮开关","SEISO ","SW-10  220V 进线螺纹口DN20","个",10,45,450]
[247,"防爆灯","爱迪普森"," AD-FB250                    250型灯罩配36W/LED灯泡","套",5,180,900]
[248,"灯炮","爱迪普森","E27 螺口 36W/LED灯泡","个",50,35,1750]
[249,"专用加长垃圾钳",null,"不锈钢电镀带胶套 67cm","把",10,10,100]
[250,"竹扫把",null,"带叶六束竹扫把，柄长度在1.5m","把",50,20,1000]
[251,"多功能清洁铲刀",null,"加强型铝合金铲刀宽度100mm长度300mm","把",10,15,150]
[252,"长柄柳叶镰刀",null,"1、长度100cm ","把",5,40,200]
[253,"割草镰刀头",null,"刃宽8.5cm   带8mm螺纹(通用)","把",10,8,80]
[254,"方型捞网",null,"金属材质，总长度100cm  网兜25cm*22cm","个",10,30,300]
[255,"缠绕膜打包机（拉膜器）",null,"内长52cm  宽28cm","个",5,100,500]
[256,"马刀锯","博士","往复锯，切割能力(mm)：木材250、钢材19，1300w，标准附件：锯条×1、附件盒","把",10,1800,18000]
[257,"马刀锯片","博士","加工对象：金属；齿锯(mm)：1.8；工作长度(mm)：150；每包数量：25片","盒",5,600,3000]
[258,"橡胶透明钢丝软管",null,"内径45mm厚4mm","米",200,15,3000]
[259,"橡胶透明钢丝软管",null,"内径55mm厚4mm","米",300,13.3333333333333,3999.99999999999]
[260,"橡胶透明钢丝软管",null,"内径65mm，厚4mm","米",100,35,3500]
[261,"长柄大钢锤",null,"20磅（带把8斤）\n2、全长1米","把",4,50,200]
[262,"潜污泵",null,"流量20立方/小时,口径65","米",4,1000,4000]
[263,"便携式PH计",null,"1、雷磁，PHB-4","台",1,1500,1500]
[264,"手持电导率测定仪",null,"1、雷磁，DDB-303","台",1,2000,2000]
[265,"自粘反光警示胶带",null,"1、PVC反光警示胶带\n2、宽5cm，长45m","卷",20,400,8000]
[266,"高压冲洗水枪",null,"380V，15.0KW，出口压力400公斤，可手拉移动；配件：喷枪+喷枪长杆、钢编高压管20m（10m+10m延长管），进水管、多角度喷嘴，过滤器等","台",2,6000,12000]
[267,"蛇皮管",null,"内径32mm，厚2.5mm","米",100,6,600]
[268,"黑胶皮管",null,"内径20mm，","米",80,18.75,{"$f":"F271*G271","v":1500}]
[269,"撬棍",null,"扁尖23mm，1M长","根",2,50,100]
[270,"撬棍",null,"扁尖23mm，2M长","根",2,50,100]
[271,"风镐",null,"锐力马开山款UL-G20，冲击频率≤15.5HZ，冲击能≥50us，耗气量25L/s","台",1,1000,1000]
[272,"风镐",null,"锐力马专业款UL-G15，冲击频率≤16HZ\n冲击能≥49us，耗气量26L/s","台",1,1000,1000]
[273,"风镐头",null,"锐力马中款G20铲头（尖型）长50cm","只",20,40,800]
[274,"风镐头",null,"锐力马中款G20铲头（尖型）长100cm","只",10,100,1000]
[275,"风镐头",null,"锐力马中款G15铲头（尖型）长150cm","只",5,100,500]
[276,"风镐头",null,"锐力马中款G15铲头（尖型）长50cm","只",20,40,800]
[277,"风镐头",null,"锐力马中款G15铲头（尖型）长100cm","只",10,100,1000]
[278,"风镐头",null,"锐力马中款G20铲头（尖型）长150cm","只",5,100,500]
[279,"开口扳手",null,"14-32mm（14、15、16、17、18、19、20、21、22、23、24、25、26、27、28、29、30、31、32各一把）","套",4,150,600]
[280,"管钳",null,"14寸","套",4,75,300]
[281,"测量仪",null,"中海达TS5（全套，带手薄，不要基站，送一年Cors）","台",1,10000,10000]
[282,"合计",{"$nulls":5},{"$f":"SUM(H4:H284)","v":196065}]

{"sheet":"有合同的","index":1,"n_rows":28,"n_cols":18,"rows_kept":28,"merged":[[11,10,22,10]]}
{"$rows_empty":9}
[28,"工具","移动手提探照灯","山色"," 560W","台",4,120,{"$f":"G10*H10","v":480},null,"可以替换"]
[25,"工具","轴流风机","绿岛风","GF2.5-2","台",2,400,800,null,"可以替换","便携式轴流通风机","SHT-4.0A风机400mm 0.9KW  流4054-5013m³/H，配10米风管","阿斯卡利","台",1,2050,2050]
[131,"耗材","不锈钢螺杆","/","M8x35mm","个",50,0.8,40,null,"之前合同有，此次增补"]
[132,"耗材","不锈钢螺杆","/","M10x35mm","个",50,0.8,40]
[133,"耗材","不锈钢螺杆","/","M12x35mm","个",50,0.8,40]
[134,"耗材","不锈钢螺杆","/","M14x55mm","个",50,0.8,40]
[135,"耗材","不锈钢螺杆","/","M8X55mm","个",50,0.8,40]
[136,"耗材","不锈钢螺杆","/","M10X55mm","个",50,0.8,40]
[137,"耗材","不锈钢螺杆","/","M12X55mm","个",50,0.8,40]
[138,"耗材","不锈钢防脱螺帽","/","M8","个",200,0.4,80]
[139,"耗材","不锈钢防脱螺帽","/","M10","个",200,0.8,160]
[140,"耗材","不锈钢防脱螺帽","/","M12","个",200,1,200]
[141,"耗材","不锈钢防脱螺帽","/","M16","个",100,2.5,250]
[142,"耗材","不锈钢防脱螺帽","/","M14","个",100,2,200]
[226,"备件","电感式接近开关","施耐德","XS630B4MBL2","套",3,800,2400,"焚烧","电气备件合同118项增补"]
[null,null,"自锁式尼龙扎带",null,"1、4×300（宽2.7mm长30cm)250条\n2、尼龙P新料\n3、白色","包",10,10,100,null,"2.7*250或者5*350是否能用？"]
[null,null,"水带",null,"65mm，配接口2套","米",200,17.5,3500,null,"消防物资第15项，安环已经采购"]
[null,null,"人字梯",null,"1、铝合金，加厚；\n2、加固，高4米；","把",1,800,800,null,"设备耗材合同第69项"]
[null,null,"老虎钳",null,"1、200mm\n8寸","个",3,100,300,null,"生产工具合同第29项"]